Основы силовой электроники (Запись № 1779483)

Подробности
000 -МАРКЕР
контрольное поле 01178nam0a2200313 4500
001 - ИДЕНТИФИКАТОР ЗАПИСИ
контрольное поле RU\NLR\bibl\913705
005 - ИДЕНТИФИКАТОР ВЕРСИИ
контрольное поле 20260405101039.0
010 ## - МЕЖДУНАРОДНЫЙ СТАНДАРТНЫЙ НОМЕР КНИГИ (ISBN)
Номер (ISBN) 5-94836-055-5
Тираж 2000
021 ## - НОМЕР ГОСУДАРСТВЕННОЙ РЕГИСТРАЦИИ
Код страны Российская Федерация
Номер 2006-6249
Номер Листа государственной регистраци 299
035 ## - ДРУГИЕ СИСТЕМНЫЕ НОМЕРА
Идентификатор записи (NLR Aleph) 000902028
100 ## - ДАННЫЕ ОБЩЕЙ ОБРАБОТКИ
Данные общей обработки 20060307d2006 |||y0rusy50 ca
101 1# - ЯЗЫК РЕСУРСА
Язык текста, звукозаписи и т.д. русский
Язык оригинала английский
102 ## - СТРАНА ПУБЛИКАЦИИ ИЛИ ПРОИЗВОДСТВА
Страна публикации Российская Федерация
105 ## - ПОЛЕ КОДИРОВАННЫХ ДАННЫХ: ТЕКСТОВЫЕ МАТЕРИАЛЫ, МОНОГРАФИЧЕСКИЕ
Кодированные данные о монографическом текстовом документе a |||||||||
200 1# - ЗАГЛАВИЕ И СВЕДЕНИЯ ОБ ОТВЕТСТВЕННОСТИ
Основное заглавие Основы силовой электроники
Первые сведения об ответственности С. Рама Редди
Последующие сведения об ответственности пер. с англ. В.В. Масалова
-- под ред. Д.П. Приходько
210 ## - ПУБЛИКАЦИЯ, РАСПРОСТРАНЕНИЕ И ДР.
Место издания, распространения и т.д. Москва
Имя издателя, распространителя и т. д. Техносфера
Дата издания, распространения и т.д. 2006
215 ## - ФИЗИЧЕСКАЯ ХАРАКТЕРИСТИКА
Специфическое обозначение материала и объем 286,[1] с.
Другие сведения о физической характеристике ил., цв. ил.
Размеры 22
225 1# - СЕРИЯ
Основное заглавие серии Мир электроники
Обозначение тома 7, 12
313 ## - ПРИМЕЧАНИЯ, ОТНОСЯЩИЕСЯ К ТЕМАТИЧЕСКОМУ ДОСТУПУ
Текст примечания п/п силовая электроника
320 ## - ПРИМЕЧАНИЯ О НАЛИЧИИ В ДОКУМЕНТЕ БИБЛИОГРАФИИ / УКАЗАТЕЛЯ
Текст примечания Библиогр. в конце кн.
606 1# - НАИМЕНОВАНИЕ ТЕМЫ КАК ПРЕДМЕТ
Наименование темы Силовые полупроводниковые приборы
Системный номер авторитетной/нормативной записи 2089777
Идентификатор авторитетной/нормативной записи RU\NLR\auth\661264980
686 ## - ИНДЕКСЫ ДРУГИХ КЛАССИФИКАЦИЙ
Индекс З264.54
700 #1 - ИМЯ ЛИЦА - ПЕРВИЧНАЯ ОТВЕТСТВЕННОСТЬ
Код отношения Автор
Материалы, к которым относится поле rus
Графика поля Кириллица
Начальный элемент ввода Редди
Часть имени, кроме начального элемента ввода С. Р.
Расширение инициалов личного имени С. Рама
Идентификатор авторитетной/нормативной записи RU\NLR\auth\7737077
Системный номер авторитетной/нормативной записи 20066
801 #0 - ИСТОЧНИК ЗАПИСИ
Страна Российская Федерация
Организация NLR
Дата составления 20060307
Правила каталогизации rcr
801 #1 - ИСТОЧНИК ЗАПИСИ
Страна Российская Федерация
Организация NLR
Дата составления 20060307
942 ## - ДОПОЛНИТЕЛЬНЫЕ ЭЛЕМЕНТЫ ЗАПИСИ (АБИС)
Тип экземпляра АБИС Книга
980 ## - КОЛЛЕКЦИЯ
Название коллекции Национальная библиография
Экземпляры
Тип экземпляра Дата поступления Источник поступления Стоимость Библиотека постоянного хранения Библиотека текущего хранения Место хранения Шифр хранения Штрих-код Статус экземпляра
Книга 07.03.2006 Покупка 169.28 РНБ (Московский) РНБ (Московский) Русский книжный фонд: издания с 1957 года 2006-5/1529 2128290  
Книга 07.03.2006 Покупка 169.28 РНБ (Московский) РНБ (Московский) Фонд научного зала литературы по технике Т2 З264.5/Р-330 1-287854  
Книга 07.03.2006 Обязательный экземпляр   РНБ (Московский) РНБ (Московский) Фонд общего зала литературы по технике Т1 З264.5/Р-330 1-228045  
Книга 21.03.2006 Обязательный экземпляр   РНБ (Московский) РНБ (Московский) Русский книжный фонд: издания с 1957 года 2006-5/1529 2139603